[Event "IECG TE.2005.P.01929"]
[Site "IECG email"]
[Date "2005.06.19"]
[Round "?"]
[White "Christ, Kawka"]
[Black "Pagano, Marcelo Rafael"]
[Result "1-0"]
[WhiteElo "800"]
[BlackElo "1950"]
[PlyCount "87"]
[EventDate "2005.06.19"]
[EventType "tourn (corr)"]
[EventRounds "8"]
[SourceTitle "Corr 2008"]
[Source "ChessBase"]
[SourceDate "2008.06.24"]
[SourceVersion "1"]
[SourceVersionDate "2008.06.24"]
[SourceQuality "1"]

1. d4 d5 2. e4 dxe4 3. Nc3 e5 4. Be3 Bb4 5. Nge2 Ne7 6. a3 Ba5 7. dxe5 0-0 8. b4 Bb6 9. Bg5 Nbc6 10. Nxe4 h6 11. Bh4 Qxd1+ 12. Rxd1 Nf5 13. Bg3 a5 14. b5 Nxg3 15. N2xg3 Nxe5 16. Be2 f5 17. Nd2 Bxf2+ 18. Kxf2 Bd7 19. Nf3 Ng4+ 20. Kg1 Rad8 21. Bc4+ Kh8 22. Rd4 Rfe8 23. a4 Ne3 24. Bf7 Re7 25. Bb3 c5 26. bxc6 bxc6 27. Nf1 c5 28. Rd3 f4 29. Nxe3 fxe3 30. Rd5 Rc8 31. c4 Rb8 32. Bc2 Bc6 33. Rxc5 Bxa4 34. Bf5 Bd7 35. Bd3 a4 36. h4 Rb3 37. Bg6 Rb6 38. h5 Ra6 39. Kh2 a3 40. Rc7 e2 41. Rb7 Rae6 42. Rb8+ Be8 43. Re1 a2 44. c5 1-0